LEADER 01203nam a22002771i 4500 001 991002154749707536 005 20040208181114.0 008 040407s1971 ne |||||||||||||||||ger 035 $ab12879009-39ule_inst 035 $aARCHE-085862$9ExL 040 $aDip.to Scienze Storiche$bita$cA.t.i. Arché s.c.r.l. Pandora Sicilia s.r.l. 082 04$a110 100 1 $aZimmermann, Albert$0384404 245 10$aVerzeichnis ungedruckter Kommentare zur Metaphysik und Physik des Aristoteles :$baus der Zeit von etwa 1250-1350 /$cgesammelt und bearbeitet von Albert Zimmermann 260 $aLeiden ;$aKoln :$bBrill,$c1971- 300 $av. ;$c25 cm 440 0$aStudien und Texte zur Geistesgeschichte des Mittelalters ;$v9 600 04$aAristotele$xMetafisica 600 04$aAristotele$xFisica 650 4$aFilosofia$xStoria$xMedioevo 907 $a.b12879009$b02-04-14$c16-04-04 912 $a991002154749707536 945 $aLE009 STOR.37-236$g1$i2009000196353$lle009$o-$pE0.00$q-$rn$so $t0$u0$v0$w0$x0$y.i13440937$z16-04-04 996 $aVerzeichnis ungedruckter Kommentare zur Metaphysik und Physik des Aristoteles$9301242 997 $aUNISALENTO 998 $ale009$b16-04-04$cm$da $e-$fger$gne $h0$i1 LEADER 01625nam 2200541 a 450 001 9910777347103321 005 20210114014812.0 035 $a(CKB)1000000000000598 035 $a(OCoLC)70769100 035 $a(CaPaEBR)ebrary10005867 035 $a(SSID)ssj0000276892 035 $a(PQKBManifestationID)11212945 035 $a(PQKBTitleCode)TC0000276892 035 $a(PQKBWorkID)10226154 035 $a(PQKB)11056650 035 $a(MiAaPQ)EBC3386043 035 $a(EXLCZ)991000000000000598 100 $a20150424d2001 uy| 0 101 0 $aeng 135 $aur||||||||||| 181 $ctxt 182 $cc 183 $acr 200 10$aAng Lee$b[electronic resource] 210 $aHarpenden, GBR $cPocket Essentials$d2001 210 $cPocket Essentials 215 $a1 online resource (96 p.) 225 1 $aPocket essentials. Film 300 $aBibliographic Level Mode of Issuance: Monograph 311 $a1-903047-71-4 410 0$aPocket essential.$pFilm. 606 $aMotion picture producers and directors$zTaiwan$vBiography 606 $aPERFORMING ARTS$2bisac 606 $aFilm & Video / History & Criticism$2bisac 606 $aFilm$2HILCC 606 $aMusic, Dance, Drama & Film$2HILCC 615 0$aMotion picture producers and directors 615 7$aPERFORMING ARTS 615 7$aFilm & Video / History & Criticism 615 7$aFilm 615 7$aMusic, Dance, Drama & Film 700 $aCheshire$b Ellen$01485577 801 0$bPQKB 801 2$bAzTeS 906 $aBOOK 912 $a9910777347103321 996 $aAng Lee$93704780 997 $aUNINA